000 00653nam a2200229 i 4500
001 24527
003 ES-MaACL
005 20240509063043.0
007 t|
008 021217s1979 sp ||||1| spa d
020 _a8474570492
100 1 _aAndújar, Manuel,
_d1913-1994
_9158299
245 1 0 _aFechas de un retorno /
_cManuel Andújar.
250 _a1ª ed.
260 _aBarcelona :
_bAnthropos,
_c1979.
300 _a158 p., 1 h. de lám. ;
_c19 cm.
490 1 _aAmbito literario ;
_v55
830 0 _aAmbito literario ;
_v55
_9180628
852 _aES-MaACL
_jL-9927
_bR.110824
_925438
942 _2udc
999 _c24527
_d24527